LEADER 00628naa a2200157 i 4500 001 000000319062 003 CaOOAMICUS 005 20180831173300.0 008 180831n it u000 u ita u 013 $a28690 040 $aSeMil$bita 100 1 $aArgentieri, Simona.$0(OLS)http://semarc/name/88980 245 10$a[Intervista a Simona Argentieri]. 650 4$aPsicanalisi.$0(OLS)http://semarc/subject/1341 773 0 $aAmato, Giuliano <1938- >$tDove andremo a finire.$dTorino : Einaudi, 2011.$kEinaudi stile libero. Extra$z978-88-06-20589-8$gp.71-93$w()207105 996 $6245$a[Intervista a Simona Argentieri]$9(OLS)http://semarc/title/392855 LEADER 01162nam a2200277 i 4500 001 000000043591 003 CaOOAMICUS 005 20070523000000.0 008 950929s1972 it u000 u ita u 013 $a14761 040 $aSeMil$bita 100 1 $aMondin, Battista,$c.$0(OLS)http://semarc/name/767 245 10$aSperanza, salvezza, infallibilitą :$bsaggi di teologia fondamentale /$cBattista Mondin. 260 $aRoma :$bCoines,$c1972. 300 $a218 p. ;$c19 cm. 490 0 $aCristianesimo e mondo d'oggi 500 $aFondo Card. Giovanni Colombo. 650 4$aTeologia fondamentale - Saggi.$0(OLS)http://semarc/subject/5976 650 4$aPapato - Infallibilitą.$0(OLS)http://semarc/subject/8957 830 0$aCristianesimo e mondo d'oggi.$0(OLS)http://semarc/title/7616 850 $aSeMil 852 $aSeMil$W1$xVenegono$y1$m2B II 430$j9746$B9746$CSeMilBibl$Z2$F9746 $81 941 1 $a3 961 $aLascito: Colombo Card. Giovanni 996 $6245$aSperanza, salvezza, infallibilitą :$bsaggi di teologia fondamentale$9(OLS)http://semarc/title/64145 996 $6260$aRoma :$bCoines$9(OLS)http://semarc/publisher/31506